Tuntunan berpidato di muka bumi

Bibliographic Details
Main Authors: Casson, Herbert N. (Author), Djanin, Ibnu (Author)
Format: Book
Published: Semarang : Tena Putra , 1978
Subjects:

MARC

LEADER 00000cam a2200000 7i4500
001 0000008551
005 20161027093000.0
008 021119n
090 0 0 |a PN6129.I5   |b .C3 
100 0 |a Casson, Herbert N. ,   |e author 
245 0 0 |a Tuntunan berpidato di muka bumi   |c Herbert N. Casson,   |f alihbahasa Drs. Ibnu Djanin 
260 2 |a Semarang :   |b Tena Putra ,   |c 1978 
300 |a 70 ms. ; ;   |c 21 sm. 
650 0 |a Public speaking 
700 0 |a Djanin, Ibnu ,   |e author 
999 |a 1000048376   |b Book   |c OPEN SHELF (30 DAYS)   |e Gong Badak Campus